Welcome to WEB OPAC of MRSPTU Central Library

Bacchian Dian Manoviganik Samassiawan Te Ilaj (ਬੱਚਿਆਂ ਦੀਆਂ ਮਨੋਵਿਗਿਆਨਿਕ ਸਮੱਸਿਆਵਾਂ ਤੇ ਇਲਾਜ) (Record no. 10014)

MARC details
000 -LEADER
fixed length control field 00570nam a22001577a 4500
003 - CONTROL NUMBER IDENTIFIER
control field OSt
005 - DATE AND TIME OF LATEST TRANSACTION
control field 20240410112534.0
008 - FIXED-LENGTH DATA ELEMENTS--GENERAL INFORMATION
fixed length control field 240410b |||||||| |||| 00| 0 eng d
040 ## - CATALOGING SOURCE
Transcribing agency Central Library MRSPTU
100 ## - MAIN ENTRY--PERSONAL NAME
Personal name Dr. Harshindar Kaur (ਡਾ. ਹਰਸ਼ਿੰਦਰ ਕੌਰ)
245 ## - TITLE STATEMENT
Title Bacchian Dian Manoviganik Samassiawan Te Ilaj (ਬੱਚਿਆਂ ਦੀਆਂ ਮਨੋਵਿਗਿਆਨਿਕ ਸਮੱਸਿਆਵਾਂ ਤੇ ਇਲਾਜ)
250 ## - EDITION STATEMENT
Edition statement 1st
260 ## - PUBLICATION, DISTRIBUTION, ETC.
Place of publication, distribution, etc. Barnala
Name of publisher, distributor, etc. Tarkbharti Parkashan
Date of publication, distribution, etc. 2006
300 ## - PHYSICAL DESCRIPTION
Extent 191
942 ## - ADDED ENTRY ELEMENTS (KOHA)
Source of classification or shelving scheme Dewey Decimal Classification
Koha item type Book
Suppress in OPAC No
Holdings
Withdrawn status Lost status Source of classification or shelving scheme Damaged status Not for loan Collection Home library Current library Date acquired Total checkouts Barcode Date last seen Price effective from Koha item type
    Dewey Decimal Classification     BK MRSPTU Central Library MRSPTU Central Library 04/10/2024   G-182 04/10/2024 04/10/2024 Book

Website Designed and Developed by MRSPTU Central Library Team

E-mail Id: librarian@mrsptu.ac.in